Score 0/20 Timer 02:00
1 Play Today
R.E.M. Song Missing Word % Correct
Man on the ___Moon
89.7%
Losing My ___Religion
85.5%
The One I ___Love
83.1%
Shiny ___ PeopleHappy
73.2%
Everybody ___Hurts
65.8%
Monty Got a Raw ___Deal
62.9%
___ CrushOrange
60.5%
What's the __, Kenneth?Frequency
57.7%
___ Free EuropeRadio
52.7%
Can't Get ___ from HereThere
46.4%
R.E.M. Song Missing Word % Correct
The Sidewinder ___ ToniteSleeps
42.9%
Radio ___Song
23.1%
(Don't Go Back To) ___Rockville
21%
Try Not to ___Breathe
19.6%
___ WorksongFinest
19%
___ Song 89Pop
18.2%
___ to the OccupationWelcome
13.4%
___ McCarthyExhuming
12.3%
Oddfellows ___ 151Local
12.3%
___ at NightGardening
12.3%

Today's Daily Dose

Remove Ads.
Support Sporcle.
Get the best of Sporcle when you Go Orange. This ad-free experience offers more features, more stats, and more fun while also helping to support Sporcle. Thank you for becoming a member.

You're not logged in!

Compare scores with friends on all Sporcle quizzes.
OR
Log In

Show Comments

Extras

Top Quizzes Today


Score Distribution

Your Account Isn't Verified!

In order to create a playlist on Sporcle, you need to verify the email address you used during registration. Go to your Sporcle Settings to finish the process.

Report this User

Report this user for behavior that violates our Community Guidelines.

Details: